000 00782nam a22002417a 4500
003 UA-OsUOA
001 129063
007 ta
008 20180216b un ||||| |||| 00| 0 ukr d
100 _aІванов С. М.
700 _aКлименко К. В.
700 _aСавостьяненко М. В.
090 _a330(477)
_bИ99
942 _cSA
040 _aUA-OsUOA
_bfre
_cUA-OsUOA
_dUA-OsUOA
245 _aАктуальні аспекти використання фінансового інструментарію Світового банку в Україні
300 _aС.72-95
955 _a0
041 _afre
080 _a330(477)
773 0 _w129059
_tФінанси України
_dК.
_d2017
_g12
650 7 _a330 Економіка взагалі
_2UDC
999 _c416825
_d416825